Soli And Water Conservation Challenges and Opportunities Vol 2 (Record no. 3242)

MARC details
000 -LEADER
fixed length control field 00366nam a22001337a 4500
041 ## - LANGUAGE CODE
Language code of text/sound track or separate title ENG
100 ## - MAIN ENTRY--PERSONAL NAME
Personal name Bhushan. L.S
245 ## - TITLE STATEMENT
Title Soli And Water Conservation Challenges and Opportunities Vol 2
260 ## - PUBLICATION, DISTRIBUTION, ETC. (IMPRINT)
Place of publication, distribution, etc New Delhi
Name of publisher, distributor, etc Oxford & Ibh Publishing Co .Pvt.Ltd
Date of publication, distribution, etc 1998
300 ## - PHYSICAL DESCRIPTION
Extent 1700
650 ## - SUBJECT ADDED ENTRY--TOPICAL TERM
Topical term or geographic name as entry element SWCE
700 ## - ADDED ENTRY--PERSONAL NAME
Personal name I.P Abrol , M.S rama Mohan Rao
856 ## - ELECTRONIC LOCATION AND ACCESS
Uniform Resource Identifier SWCE
Holdings
Withdrawn status Lost status Source of classification or shelving scheme Damaged status Not for loan Home library Current library Shelving location Date acquired Total Checkouts Barcode Date last seen Price effective from Koha item type
    Dewey Decimal Classification     College of Agricultural Engineering and Technology, Dapoli , Library College of Agricultural Engineering and Technology, Dapoli , Library Book Cart 01/08/2023   000598 01/08/2023 01/08/2023 Books

Contact Us: College of Agricultural Engineering and Technology, Dapoli, Dist.- Ratnagiri
Website: https://dbskkv.org Email: caetlibrary2015@gmail.com